Zohnal si okuliare, nosí kotlety a občas si zafarbí vlasy na čierno : Juraj Prstek alias Elvis Presley si rád vychutná pocit, keď ho vnímajú ako kráľa rock´n´rollu

Podrobná bibliografia
Ďalší autori: Prstek, Juraj (Interviewer)
Médium: Článok
Jazyk:Slovak
Témy:
Zdroj: 1. Košický večer. Korzár 1. 1336-5320 1. Roč. 17 (38), č. 17 (28.4.2006), s. 6
LEADER 00978nab#a2200313#ar4500
001 000079977
003 SVKKK
005 20060726134651.0
008 060607c2006 xo e slo
FMT
038 |a SVKKK 
040 |a SVKKK  |b slo  |e AACR2 
041 0 |a slo 
044 |a xo  |c SK 
080 |a 78  |2 1997 
080 |a 929 Prstek, Juraj  |2 1997 
100 1 |a Kiraľvargová, Dáša  |4 ivr 
245 1 0 |a Zohnal si okuliare, nosí kotlety a občas si zafarbí vlasy na čierno :  |b Juraj Prstek alias Elvis Presley si rád vychutná pocit, keď ho vnímajú ako kráľa rock´n´rollu  |c Dáša Kiraľvargová 
300 |b Fotogr. 
600 1 4 |a Prstek, Juraj,  |d ?,  |x imitátor Elvisa Presleyho  |z Košice (Slovensko)  |x pôsobenie 
700 1 |a Prstek, Juraj  |4 ive 
773 0 |t Košický večer. Korzár  |x 1336-5320  |g Roč. 17 (38), č. 17 (28.4.2006), s. 6 
957 |a 802 
958 |a BX 
974 |a Čr 
992 |a RBX 
BAS
852 |a SVKKK  |b BIB 
998 |a REG